Flora : enciclopedia salvat de jardinería :
Guardado en:
| Formato: | Libro |
|---|---|
| Publicado: |
Barcelona :
Salvat,
1977
|
| Materias: | |
| Etiquetas: |
Agregar Etiqueta
Sin Etiquetas, Sea el primero en etiquetar este registro!
|
| LEADER | 00790nam a22001695a 4500 | ||
|---|---|---|---|
| 001 | CEM.cems017450 | ||
| 005 | 20130319172002.0 | ||
| 008 | 130507s1977##################000#0#####d | ||
| 003 | CEMS | ||
| 020 | |a 8434537331 | ||
| 082 | 0 | 4 | |a 635.9 |
| 245 | 0 | 0 | |a Flora : |b enciclopedia salvat de jardinería : |
| 260 | |a Barcelona : |b Salvat, |c 1977 | ||
| 505 | 0 | |a los jardines -- El hombre y la naturaleza -- El paisaje -- Jardinería y paisajismo -- Diseño -- Elección de las plantas: resistentes al viento, para suelos secos, húmedos, para zonas umbrías, para setos y con facilidad de trasplante -- Diferentes tipos de jardines: para chicos, de hortalizas y frutas, acuático, de cactus. | |
| 653 | |a Jardinería | ||
| 653 | |a Jardines | ||
| 859 | |a CEMS |b BIB. CEMS - Agricultura |h 635.9 |i F661 |p A1154.10 |t Ej.1 |v VII |3 VII | ||
